00516nam a2200193 a 4500001001300000003000900013005001700022008004100039020002300080082001600103100001600119245004700135260004400182300000900226500003500235505001000270650002600280700001600306nice12345678IN_TiNIC20260116013701.0050524s1995 dela grp 000 0 eng  a8185220 c22500a934.02bBIS aBiswas, S K aAutochthon of India and the Aryan Invasion aDelhibInstt.Of Objective Studiesc1995 a247p aincludes index and biblioraphy2 aIndex aIndia-Ancient History1 aBiswas, S K